Mind the gap (Record no. 105509)
[ view plain ]
| 000 -LEADER | |
|---|---|
| fixed length control field | 01515cam a2200277 4500 |
| 001 - CONTROL NUMBER | |
| control field | ##L133914 |
| 008 - FIXED-LENGTH DATA ELEMENTS--GENERAL INFORMATION | |
| fixed length control field | 060619n2006 000 0 eng u |
| 020 ## - INTERNATIONAL STANDARD BOOK NUMBER | |
| International Standard Book Number | 1842192981 |
| 035 ## - SYSTEM CONTROL NUMBER | |
| System control number | (Sirsi) u133914 |
| 041 0# - LANGUAGE CODE | |
| Language code of text/sound track or separate title | eng |
| 050 04 - LIBRARY OF CONGRESS CALL NUMBER | |
| Classification number | 363.348 $2 21 |
| 100 1# - MAIN ENTRY--PERSONAL NAME | |
| Personal name | Lloyd-Jones, Tony |
| 245 00 - TITLE STATEMENT | |
| Title | Mind the gap |
| Remainder of title | post-disaster reconstruction and the transition from humanitarian relief |
| 260 ## - PUBLICATION, DISTRIBUTION, ETC. | |
| Place of publication, distribution, etc. | London |
| Name of publisher, distributor, etc. | RICS |
| Date of publication, distribution, etc. | 2006 |
| 505 2# - FORMATTED CONTENTS NOTE | |
| Formatted contents note | Main findings -- Summary -- Introduction: report aims and methodology -- Background, definitions and conceptual framework -- Reconstruction and the transition from humanitarian relief in recent disasters -- Conclusions and implications for the built environment professions |
| 520 ## - SUMMARY, ETC. | |
| Summary, etc. | Investigates why reconstruction after major disasters takes so long and how this causes development opportunities to be lost. Provides evidence of the existence of a gap - in funding, management and delivery - between short-term, effective humanitarian relief, and long-term reconstruction. Finds that chartered surveyors have key roles to play during all disaster phases. |
| 590 ## - LOCAL NOTE (RLIN) | |
| Local note | IKA040706, KA |
| 650 ## - SUBJECT ADDED ENTRY--TOPICAL TERM | |
| Topical term or geographic name entry element | Affordable housing |
| 9 (RLIN) | 6215 |
| 690 ## - LOCAL SUBJECT ADDED ENTRY--TOPICAL TERM (OCLC, RLIN) | |
| Topical term or geographic name as entry element | BUILT ENVIRONMENT-CONSTRUCTION MANAGEMENT |
| 700 1# - ADDED ENTRY--PERSONAL NAME | |
| Personal name | Theis, Mike |
| 700 1# - ADDED ENTRY--PERSONAL NAME | |
| Personal name | Kalra, Ripin |
| 700 1# - ADDED ENTRY--PERSONAL NAME | |
| Personal name | Mulyawan, Budhi |
| 710 2# - ADDED ENTRY--CORPORATE NAME | |
| Corporate name or jurisdiction name as entry element | University of Westminster |
| Subordinate unit | Max Lock Centre |
| 9 (RLIN) | 4962 |
| 856 40 - ELECTRONIC LOCATION AND ACCESS | |
| Uniform Resource Identifier | <a href="https://www.rics.org/site/download_feed.aspx?fileID=2263">https://www.rics.org/site/download_feed.aspx?fileID=2263</a> |
| Public note | View the item free of charge at www.rics.org... |
| 942 ## - ADDED ENTRY ELEMENTS (KOHA) | |
| Suppress in OPAC | 0 |
| Withdrawn status | Lost status | Source of classification or shelving scheme | Damaged status | Not for loan | Home library | Current library | Shelving location | Date acquired | Total Checkouts | Full call number | Barcode | Date last seen | Copy number | Price effective from | Koha item type |
|---|---|---|---|---|---|---|---|---|---|---|---|---|---|---|---|
| Dewey Decimal Classification | London | London | RICS Boxes | 06/06/2011 | RICS 2006/96 | 30076915 | 06/08/2019 | 1 | 06/08/2019 | Archive | |||||
| Dewey Decimal Classification | Virtual | Virtual | Online | 19/06/2006 | ONLINE PUBLICATION | 133914-1001 | 06/08/2019 | 1 | 06/08/2019 | Book |